Las nuevas dimensiones del derecho agrario : ambiental - alimentario - comunitario /

Guardado en:
Autor Principal: Ruiz Montero, Adolfo.
Formato: Desconocido
Idioma:Spanish
Publicado: Bahía Blanca : Universidad Nacional del Sur : Edi UNS, 2007.
Edición:1a. ed.
Series:Extensión
Materias:
Etiquetas: Agregar Etiqueta
Sin Etiquetas, Sea el primero en etiquetar este registro!
LEADER 00638nac a22001815a 4500
001 DER.der005300
008 180615s2007####ag#||||||||||||||#||spa||
005 20251217131652.0
245 1 0 |a Las nuevas dimensiones del derecho agrario :  |b ambiental - alimentario - comunitario /  |c Adolfo Ruiz Montero. 
250 |a 1a. ed. 
260 |a Bahía Blanca :  |b Universidad Nacional del Sur :  |b Edi UNS,  |c 2007. 
300 |a 187 p. 
440 0 |a Extensión 
020 |a 9789871171798 
100 1 |a Ruiz Montero, Adolfo. 
650 7 |a DERECHO AMBIENTAL 
859 |a DERECHO  |b BIB. DERECHO  |h 343.076  |i RUI  |p 005525 
859 |a DERECHO  |b BIB. DERECHO  |h 343.076  |i RUI  |p 005539  |t 1